000 00732nam a2200193 u 4500
001 000377504
003 AM-YeHGA
005 20250617132043.0
008 041104s1977 ||||||||||||||||||||rus d
040 _aAM-YeHGA
041 0 _arus
100 1 _aАдамов, Владимир Евгеньевич.
245 1 0 _aФакторный индексный анализ :
_b(Методология и проблемы) /
_cВ.Е. Адамов.
260 _aМосква :
_bСтатистика,
_c1977.
300 _a200 с.
440 0 _aМатематическая статистика для экономистов
650 1 4 _aТеория статистики. Статистические методы
090 _c145708
999 _c144324
_d144324